Cash Management (Record no. 5158)
[ view plain ]
| 000 -LEADER | |
|---|---|
| fixed length control field | 00460nam a22001457a 4500 |
| 008 - FIXED-LENGTH DATA ELEMENTS--GENERAL INFORMATION | |
| fixed length control field | 170301b xxu||||| |||| 00| 0 eng d |
| 020 ## - INTERNATIONAL STANDARD BOOK NUMBER | |
| International Standard Book Number | 978-1-40484-4 |
| 082 ## - DEWEY DECIMAL CLASSIFICATION NUMBER | |
| Classification number | 658.152 DAL |
| 100 ## - MAIN ENTRY--PERSONAL NAME | |
| Personal name | DALTON,Tony |
| 245 ## - TITLE STATEMENT | |
| Title | Cash Management |
| Remainder of title | Making your business cash-rich without breaking the bank |
| Statement of responsibility, etc. | Tony Dalton |
| Medium | English |
| 260 ## - PUBLICATION, DISTRIBUTION, ETC. (IMPRINT) | |
| Place of publication, distribution, etc. | Great Britain |
| Name of publisher, distributor, etc. | A and B Black Publishers Limited |
| Date of publication, distribution, etc. | 2007 |
| 300 ## - PHYSICAL DESCRIPTION | |
| Extent | 163p |
| Dimensions | 19cm |
| 650 ## - SUBJECT ADDED ENTRY--TOPICAL TERM | |
| Source of heading or term | Cash Management |
| 942 ## - ADDED ENTRY ELEMENTS (KOHA) | |
| Source of classification or shelving scheme | |
| Koha item type | BOOKS |
No items available.